000 00996cam a22002411 4500
001 e 16001026
003 DLC
005 20260227111206.0
008 740916r1916uuuunyu b 000 0 eng c
010 _ae 16001026
035 _a(OCoLC)1011459
040 _aLibrary, U.S. Bur. of Education
_cNIC
_dOCoLC
_dDLC
042 _apremarc
050 0 0 _aZ1317
_b.N63
110 2 _aUniversity of the State of New York.
_bDivision of School Libraries.
245 1 2 _aA list of books relating to the history of the State of New York ...
260 _aAlbany,
_bThe University of the State of New York,
_c1916.
300 _a1 p. l., [5]-40 p.
_c23 cm.
500 _aAt head of title: The University of the State of New York, the State Department of Education, School Libraries Division.
500 _aReprinted from the twelfth annual report of the State Department of Education.
500 _aNo. 1. in vol. lettered: New York state pamphlets.
651 0 _aNew York (State)
_xHistory
_vBibliography.
999 _c20019
_d20019